[Event "AUTO-INT-722"]
[Site "http://www.queenalice.com/game.php?id=322209"]
[Date "2007.12.18"]
[Round "1"]
[White "loriva"]
[Black "walbert"]
[Result "1-0"]
[WhiteElo "1438"]
[BlackElo "1534"]

1. d4 d5 2. Nc3 Nf6 3. e3 Nc6 4. Nf3 Bf5 5. Bb5 Qd6 6. Ne5 a6 7. Ba4 b5 8. Bb3
Nxe5 9. dxe5 Qxe5 10. f4 Qd6 11. O-O e6 12. Bd2 h6 13. a4 bxa4 14. Ba2 Qb6 15.
Nxa4 Qb5 16. b3 Ne4 17. Nc3 1-0

[Event "AUTO-INT-722"]
[Site "http://www.queenalice.com/game.php?id=322224"]
[Date "2007.12.18"]
[Round "1"]
[White "emorej83"]
[Black "loriva"]
[Result "1-0"]
[WhiteElo "1758"]
[BlackElo "1458"]

1. c4 e5 2. Nc3 Nf6 3. e3 Bb4 4. Nce2 O-O 5. a3 Ba5 6. b4 Bb6 7. d4 exd4 8. exd4
d5 9. c5 Bxc5 10. bxc5 Nc6 11. Nf4 Bg4 12. Be2 Re8 13. h3 Bf5 14. Nf3 b6 15. O-O
bxc5 16. dxc5 Be4 17. Bb5 Qd7 18. Nd4 Rab8 19. Nxc6 Rxb5 20. Nxa7 Rxc5 21. Bb2
Bc2 22. Qd2 c6 23. Bxf6 gxf6 24. Nh5 Re6 25. Qf4 Qxa7 26. Nxf6+ Kf8 27. Qh6+ Ke7
28. Rfe1 Be4 29. Ng8+ Kd6 30. Qf8+ Kd7 31. Qxf7+ Kd6 32. Qxa7 Re8 33. Nf6 Re6
34. Nxe4+ dxe4 35. Red1+ Rd5 36. Qxh7 Re7 37. Qg6+ Re6 38. Rxd5+ Kxd5 39. Rd1+
Ke5 40. Qg5# 1-0

[Event "AUTO-INT-722"]
[Site "http://www.queenalice.com/game.php?id=322225"]
[Date "2007.12.18"]
[Round "1"]
[White "loriva"]
[Black "emorej83"]
[Result "1-0"]
[WhiteElo "1393"]
[BlackElo "1658"]

1. d4 c6 2. e4 d5 3. e5 e6 4. Nf3 Nd7 5. Nc3 Bb4 6. a3 Bxc3+ 7. bxc3 Qa5 8. Bd2
c5 9. Ng5 Ne7 10. Qf3 O-O 11. c4 Qa4 12. Bd3 dxc4 13. Bxh7+ Kh8 14. Qh5 1-0

[Event "AUTO-INT-722"]
[Site "http://www.queenalice.com/game.php?id=322234"]
[Date "2007.12.18"]
[Round "1"]
[White "arniecoruja"]
[Black "loriva"]
[Result "1-0"]
[WhiteElo "1657"]
[BlackElo "1438"]

1. e4 e5 2. d4 Nc6 3. Nf3 Bb4+ 4. c3 Ba5 5. d5 Nce7 6. Nxe5 d6 7. Qa4+ c6 8.
dxc6 Nxc6 9. Nxc6 bxc6 10. Qxc6+ Bd7 11. Qxd6 Bc7 12. Qd4 f6 13. Bc4 Bb6 14. Qd3
Ne7 15. Bd5 Rc8 16. O-O Rc5 17. Bc4 Nc6 18. Bf4 g5 19. b4 Rxc4 20. Qxc4 gxf4 21.
Nd2 Ne5 22. Qb3 f5 23. exf5 Bxf5 24. Rfe1 Kf8 25. Rxe5 Bg6 26. Nf3 h5 27. Nh4
Qxh4 28. Rf1 Bd3 29. Qe6 f3 30. Qd6+ Kg8 31. Qxd3 fxg2 32. Qg6+ Kf8 33. Re8# 1-0

[Event "AUTO-INT-722"]
[Site "http://www.queenalice.com/game.php?id=322235"]
[Date "2007.12.18"]
[Round "1"]
[White "loriva"]
[Black "arniecoruja"]
[Result "0-1"]
[WhiteElo "1432"]
[BlackElo "1664"]

1. d4 d5 2. Nc3 Nf6 3. e3 a6 4. Nf3 e6 5. Bd3 h6 6. O-O Nc6 7. b3 Qd6 8. a4 e5
9. Ba3 Qe6 10. Nh4 Nb4 11. dxe5 Qxe5 12. Bb2 Ng4 13. g3 Be6 14. f4 Qxe3+ 15. Kg2
Bc5 16. Nf5 Bxf5 17. Re1 g6 18. Bxf5 gxf5 19. h3 O-O-O 20. hxg4 Rhg8 21. Rxe3
Bxe3 22. gxf5 Bxf4 23. Ne2 Bd6 24. c3 Nc6 25. Qh1 Rde8 26. Kf1 Bxg3 27. Rd1 Bd6
28. Qxd5 Rd8 29. Qxf7 Rgf8 30. Qe6+ Kb8 31. Nd4 Ne7 32. Rd3 Bc5 33. Rh3 Rde8 34.
Rxh6 Nxf5 35. Qd7 Nxh6+ 36. Kg2 Rg8+ 37. Kf3 Rgf8+ 38. Kg3 Re3+ 39. Kh4 Be7+ 40.
Kh5 Rd8 41. Nc6+ bxc6 42. Qxc6 Re5+ 43. Kxh6 Rd6+ 44. Qxd6 cxd6 45. c4 Kc8 46.
b4 Re4 47. b5 axb5 48. cxb5 Rxa4 49. b6 Kb7 50. Bc1 d5 51. Be3 Rc4 52. Kg6 Bc5
53. Bxc5 Rxc5 54. Kf6 d4 55. Ke6 d3 56. Kd6 Kxb6 57. Kd7 d2 58. Kd6 d1=Q+ 59.
Ke6 Qd5+ 60. Kf6 Qd6+ 61. Kf7 Rc7+ 62. Kg8 Qd8# 0-1

[Event "AUTO-OPEN-939"]
[Site "http://www.queenalice.com/game.php?id=322433"]
[Date "2007.12.19"]
[Round "1"]
[White "igorzz"]
[Black "loriva"]
[Result "0-1"]
[WhiteElo "1882"]
[BlackElo "1438"]

1. e4 e5 2. Nf3 d6 3. d4 Nc6 4. Bb5 a6 5. Ba4 b5 6. Bb3 Nf6 7. Nc3 b4 8. Ne2 Ng4
9. Bd5 Bb7 10. Ng5 Ke7 11. Nxf7 Qe8 12. Nxh8 Qh5 13. h3 Nf6 14. Nf7 Nxd5 15.
Nxd6 cxd6 16. exd5 Na5 17. Qd2 Bxd5 18. Qxb4 Nc6 19. Qd2 Bxg2 20. Rh2 Bxh3 21.
Qc3 Nxd4 22. Nxd4 exd4 23. Qxh3 Qg6 24. Qh4+ Kd7 25. Qh3+ Kc7 26. Rg2 Qxc2 27.
f3 Re8+ 28. Kf1 Qd1+ 29. Kf2 Qe1# 0-1

[Event "AUTO-OPEN-939"]
[Site "http://www.queenalice.com/game.php?id=322434"]
[Date "2007.12.19"]
[Round "1"]
[White "loriva"]
[Black "igorzz"]
[Result "0-1"]
[WhiteElo "1427"]
[BlackElo "1859"]

1. d4 d5 2. Nc3 Nf6 3. e3 Nc6 4. Nf3 Bg4 5. h3 Bh5 6. g4 Bg6 7. g5 Ne4 8. Bb5
Nxc3 9. bxc3 Be4 10. Rb1 e6 11. Ne5 Bxh1 12. Kd2 Be4 13. Bd3 Qxg5 14. f4 Qg2+
15. Be2 Nxe5 16. fxe5 b6 17. Qf1 Qg6 18. Rb2 Ba3 19. Bb5+ Ke7 20. Bc6 Bxb2 21.
Bxb2 Rab8 22. Ba3+ Kd8 23. c4 Bxc2 24. cxd5 Be4 25. Ba4 Bxd5 26. Bc2 Be4 27.
Bxe4 Qxe4 28. Qxf7 Kc8 29. Be7 Kb7 30. Bd6 Qc6 31. Qxg7 Rbg8 32. Qf7 Rc8 33.
Qxe6 cxd6 34. exd6 Qg2+ 35. Kd3 Qc2# 0-1

[Event "AUTO-OPEN-939"]
[Site "http://www.queenalice.com/game.php?id=322465"]
[Date "2007.12.19"]
[Round "1"]
[White "loriva"]
[Black "marcosmc"]
[Result "0-1"]
[WhiteElo "1448"]
[BlackElo "1604"]

1. d4 Nf6 2. Nf3 d6 3. Nc3 Nc6 4. e4 e5 5. dxe5 dxe5 6. Bc4 Ng4 7. h3 Nf6 8. Ng5
Be6 9. Bb5 Qd7 10. O-O h6 11. Nf3 O-O-O 12. Be3 a6 13. Bd3 Nb4 14. Nxe5 Qe7 15.
a3 Nc6 16. Nd5 Bxd5 17. Nf3 Nxe4 18. c4 Be6 19. Qb3 Ng5 20. Rac1 Nxf3+ 21. gxf3
Bxh3 22. Rfe1 Qf6 23. Qd1 Ne5 24. Be2 Rxd1 25. Rcxd1 Qg6+ 26. Kh2 Qg2# 0-1

[Event "AUTO-OPEN-939"]
[Site "http://www.queenalice.com/game.php?id=322466"]
[Date "2007.12.19"]
[Round "1"]
[White "marcosmc"]
[Black "loriva"]
[Result "0-1"]
[WhiteElo "1643"]
[BlackElo "1494"]

1. d4 d5 2. Nf3 Nf6 3. Bg5 Ne4 4. Nc3 c6 5. Bh4 Qb6 6. Ne5 c5 7. e3 cxd4 8. Nxd5
Qa5+ 9. c3 Be6 10. b4 Qxd5 11. Qa4+ Bd7 12. Qa5 Qe6 13. Bc4 Qd6 14. Nxf7 Qc6 15.
Nxh8 Be6 16. Bb5 b6 17. Bxc6+ Nxc6 18. Qh5+ g6 19. Qb5 Rc8 20. cxd4 Nc3 21. Qd3
Nxb4 22. Qd2 Bg7 23. Qb2 Nd3+ 24. Kd2 Nxb2 25. f4 Bxh8 26. Rac1 Nba4 27. Rc2
Bxa2 28. Ra1 Bb3 29. Rcc1 Bf6 30. Be1 e6 31. Kd3 Bc4+ 32. Kc2 Bb5 33. Kb3 Bc4+
34. Kc2 Na2 35. Rcb1 Bd5+ 36. Kd1 N2c3+ 37. Kd2 Ne4+ 38. Ke2 Nec3+ 39. Bxc3
Nxc3+ 40. Ke1 Bxg2 41. Rb2 Bh4+ 42. Rf2 Ne4 43. Ra2 Rc1+ 44. Ke2 Bxf2 45. Rxa7
Re1+ 46. Kd3 Bxe3 47. Rxh7 Nf2+ 48. Kc4 Bd5+ 49. Kb5 Rb1+ 50. Ka6 Bc4+ 51. Kb7
Bd5+ 52. Kc7 Bxf4+ 53. Kc8 Rc1+ 0-1

[Event "Challenge"]
[Site "http://www.queenalice.com/game.php?id=347732"]
[Date "2008.2.3"]
[Round "-"]
[White "loriva"]
[Black "Gallow"]
[Result "0-1"]
[WhiteElo "1449"]
[BlackElo "1500"]

1. e4 c5 2. Nc3 Nc6 3. Nf3 d6 4. Bb5 Bd7 5. O-O Nf6 6. d3 e5 7. Bc4 Be7 8. Ng5
O-O 9. Qf3 Nd4 10. Qd1 a6 11. Be3 Ng4 12. f3 Nxe3 13. Qd2 Nxf1 14. Kxf1 Bxg5 15.
Qf2 Be6 16. Qg3 Nxc2 17. Rc1 Bxc1 18. Ne2 Ne3+ 19. Kf2 Nxc4 20. Nxc1 Nxb2 21.
Ke2 c4 22. dxc4 Bxc4+ 23. Ke3 Qb6+ 24. Kd2 Qd4+ 25. Kc2 Rac8 26. Qe1 Bb3+ 27.
Kxb3 Rc6 28. a4 Rfc8 29. Qa5 Qe3+ 30. Kb4 Qc3# 0-1

[Event "jeffeclaudia"]
[Site "http://www.queenalice.com/game.php?id=354499"]
[Date "2008.2.14"]
[Round "-"]
[White "loriva"]
[Black "vilavalqueire"]
[Result "1-0"]
[WhiteElo "1474"]
[BlackElo "1100"]

1. d4 Nf6 2. Nf3 g6 3. e4 Nxe4 4. Qe2 d5 5. Ng5 Nxg5 6. Bxg5 Bg7 7. Nc3 c6 8.
Rd1 Nd7 9. Rd3 Nf6 10. f3 O-O 11. Qe5 Re8 12. Be2 Bf5 13. Rd2 Ne4 14. Qf4 Nxd2
15. Qxd2 Qb6 16. g4 Bd7 17. Na4 Qxd4 18. c3 Qxa4 19. b3 1-0

[Event "Challenge"]
[Site "http://www.queenalice.com/game.php?id=370983"]
[Date "2008.3.14"]
[Round "-"]
[White "loriva"]
[Black "gladiador"]
[Result "1-0"]
[WhiteElo "1478"]
[BlackElo "1483"]

1. d4 d5 2. Nc3 Nf6 3. e3 e6 4. Nf3 Be7 5. Ne5 O-O 6. Bd3 Nbd7 7. O-O c5 8. Ng4
cxd4 9. exd4 Nxg4 10. Qxg4 e5 11. Bh6 g6 12. Nxd5 Nb6 13. Nxe7+ Qxe7 14. Bg5 f6
15. Bxf6 Qxf6 16. dxe5 Qxf2+ 17. Rxf2 Bxg4 18. h3 Be6 19. Rf6 Rxf6 20. exf6 Kf7
21. Rf1 Nd5 22. c4 Nxf6 23. b3 Rd8 24. Be2 Kg7 25. a4 Rd2 26. Bf3 b6 27. Re1 Kf7
28. h4 Bg4 29. Rf1 Bxf3 30. Rxf3 1-0

[Event "Challenge"]
[Site "http://www.queenalice.com/game.php?id=392902"]
[Date "2008.4.24"]
[Round "-"]
[White "loriva"]
[Black "maxtec5"]
[Result "1-0"]
[WhiteElo "1535"]
[BlackElo "1153"]

1. e4 e6 2. d4 Qh4 3. Bd3 Nf6 4. g3 Qg4 5. f3 Qh5 6. e5 Nd5 7. c4 Bb4+ 8. Nd2
Ne3 9. Qe2 Nf5 10. a3 Be7 11. g4 Qh4+ 12. Kd1 Ng3 13. Qg2 Nxh1 14. Qxh1 Qf2 15.
Nb3 Nc6 16. Nh3 Qh4 17. Nf4 Bg5 18. Ng2 Qh6 19. Bd2 Bxd2 20. Nxd2 Nxd4 21. Qg1
Nc6 22. f4 Qh3 23. Ne1 Qh6 24. g5 Qh5+ 25. Be2 Qh4 26. Ng2 Qh3 27. Ne4 Qb3+ 28.
Ke1 Qxb2 29. Kf2 Nd4 30. Qd1 Nxe2 31. Nd2 Nc3 32. Qc1 Qxc1 33. Rxc1 Na2 34. Rc2
Nb4 35. axb4 a5 36. Ra2 b6 37. Ne3 d6 38. Ne4 Bb7 39. Nc3 axb4 40. Na4 O-O 41.
Ng4 b3 42. Ra3 1-0

[Event "Challenge"]
[Site "http://www.queenalice.com/game.php?id=403703"]
[Date "2008.5.16"]
[Round "-"]
[White "loriva"]
[Black "pierjean"]
[Result "1-0"]
[WhiteElo "1518"]
[BlackElo "1481"]

1. e4 d5 2. Nc3 Be6 3. Nf3 f5 4. exf5 Bxf5 5. Ne5 Nf6 6. Bb5+ Bd7 7. O-O e6 8.
d4 Bb4 9. a3 Bxc3 10. Be2 Ne4 11. Bh5+ g6 12. Qf3 Rf8 13. Qh3 Qf6 14. bxc3 Bb5
15. Nd3 Nd7 16. a4 Ba6 17. Bf4 O-O-O 18. Bf3 Rf7 19. Qg4 Re8 20. Be5 Nxe5 21.
dxe5 Qg7 22. Bxe4 dxe4 23. Qxe4 h5 24. Rab1 Qh6 25. Nc5 c6 26. Qd4 Bxf1 27. Rxf1
Rd8 28. Qb4 b6 29. Nxe6 Rd2 30. c4 Rxc2 31. Qd6 Kb7 32. Nd8+ Kc8 33. Nxf7 Qg7
34. Qxc6+ Kb8 35. Qd6+ Kb7 36. Qd7+ Ka6 37. Qb5+ Kb7 38. Nd6+ Kb8 39. Qe8+ Kc7
40. Qc8# 1-0